1134 1277 1478 1882 1890 1749 1221 1942 1298 1798 1114 1657 1816 1570 1633 1278 1704 1594 1599 1249 1426 1349 1562 1522 1696 1068 1647 1100 1895 1036 1803 1294 1871 1688 1364 1958 1936 1438 1597 1358 1280 1102 1151 1390 1874 1572 1742 1183 1755 1082 1810 1909 1346 1243 1307 1235 1026 1515 1541 1224 1332 1091 1663 1687 1145 1535 1809 1700 1791 1097 1544 1685 1670 1750 1104 1625 1770 1511 1991 1850 1967 1090 1830 1930 1734 1717 1359 1849 1602 1240 1572 1142 1581 1775 1851 1708 1009 1592 1589 BCNSPRNW ULIB Ver.6.0+V

เปลี่ยนเป็นภาษาไทย

Change to English
 แสดงรายละเอียดบรรณานุกรม
  กลับหน้าหลัก

Brief Record : Get Marc (ISO 2709) : E-mail record : QR code < ปิดหน้าต่าง
LEADER : 00000nam 2200000uu 4500
001    13399113936
003     ULIB
008    110320s||||||||th 000 0 tha d
099    วจ.WA590^bป525ป
100 0  ปัณณธร ชัชวรัตน์
245 00 ปัจจัยที่มีผลต่อพฤติกรรมสุขภาพของสงฆ์ในเขต อำเภอเมือง จังหวัดพะเยา/^cปัณณธร ชัชวรัตน์
260    พะเยา :^bวิทยาลัยพยาบาลบรมราชชนนี พะเยา,^c2553
300    68 หน้า :^bตาราง
500    รายงานการวิจัย
650  7 พฤติกรรมสุขภาพ^xพระสงฆ์^xวิจัย
710 2  วิทยาลัยพยาบาลบรมราชชนนี. ^bพะเยา
945    ^p0^l0^i030967
995    ทศพร
999 ^a ใช้งานได้ทุกระบบ
รายการนี้ยังไม่มีแท็ก
คุณยังไม่ได้ล็อกอิน คุณสามารถมีกิจกรรมร่วมกับเว็บไซต์ได้ แต่ต้องล็อกอินก่อน ::
  ล็อกอิน

รายการสื่อสารสนเทศ

ลำดับที่ ประเภท เลขเรียก/บาร์โค้ด สถานที่ สถานะ
1. งานวิจัย
งานวิจัย
วจ.WA590 ป525ป ฉ.1 
  Barcode: 030967
ห้องสมุดวิทยาเขตสวรรค์ประชารักษ์
►วิจัย
บนชั้น

รายการใกล้เคียง
    ผู้แต่ง [ปัณณธร ชัชวรัตน์]

BibComment


ยังไม่เคยถูกคอมเมนท์

คอมเมนท์ทรัพยากรรายการนี้
  คอมเมนท์: ปัจจัยที่มีผลต่อพ..


 Copyright 2026. Bcnsprnw @Library